000 00479nam a2200181Ia 4500
005 20250326124845.0
008 250326s9999 xx 000 0 und d
037 _aTextbook
040 _aFMSL
_beng
_cFMSL
041 _aeng
_2eng
084 _aX:8D L81
_qFMSL
100 _aBrigham E F
245 0 _aFundamentals of ficial management
_cBrigham E F
260 _aUSA
_bUSA, Dryden
_c1978
300 _a588p
942 _cTB
_hX:8D L81
999 _c1275528
_d1275528